| 000 | 00757nam a2200253Ia 4500 | ||
|---|---|---|---|
| 001 | 8300 | ||
| 003 | GE_BSU | ||
| 008 | 181216s||||||||xx |||||||||||||| ||und|| | ||
| 020 | _a9789941177811. | ||
| 040 | _cGE_BSU | ||
| 080 | _a174+614.253(075.8) | ||
| 100 | _aმამულაშვილი,ბელა. | ||
| 245 | _aბიოეთიკა. | ||
| 245 | _bსახელმძღვანელო | ||
| 245 | _cრედ:რამაზ ხეცურიანი | ||
| 250 | _aმე-12 განახლ.გამოც. | ||
| 260 | _aთბილისი. | ||
| 260 | _bუნივერსალი. | ||
| 260 | _c2012 | ||
| 300 | _a378გვ;20სმ. | ||
| 541 | _h20ლ. | ||
| 653 | _aბიოეთიკა | ||
| 942 | _cBK | ||
| 999 |
_c41631 _d41631 |
||